Situácia na európskom trhu práce a vybrané kľúčové ukazovatele
Pohľad na situáciu trhu práce v EÚ-27. Kľúčové ukazovatele. Vývoj miery nezamestnanosti za 5 rokov. Miera nezamestnanosti mladých ľudí.
Guardado en:
| Autor principal: | |
|---|---|
| Formato: | Capítulo de libro |
| Lenguaje: | eslovaco |
| Materias: | |
| Etiquetas: |
Sin Etiquetas, Sea el primero en etiquetar este registro!
|
MARC
| LEADER | 00000naa a2200000 4500 | ||
|---|---|---|---|
| 001 | 0143540 | ||
| 005 | 20220715093919.7 | ||
| 041 | 0 | |a slo | |
| 044 | |a SK | ||
| 245 | 1 | 0 | |a Situácia na európskom trhu práce a vybrané kľúčové ukazovatele |c Ivan Prelovský |
| 520 | |a Pohľad na situáciu trhu práce v EÚ-27. Kľúčové ukazovatele. Vývoj miery nezamestnanosti za 5 rokov. Miera nezamestnanosti mladých ľudí. | ||
| 610 | 2 | 0 | |a trh práce |
| 610 | 2 | 0 | |a Európa |
| 610 | 2 | 0 | |a nezamestnanosť |
| 610 | 2 | 0 | |a miera nezamestnanosti |
| 610 | 2 | 0 | |a ukazovatele štatistické |
| 610 | 2 | 0 | |a demografia |
| 100 | 1 | |a Prelovský, Ivan | |